01866cam a22003371i 4500001001300000003000400013005001700017008004100034010001700075035001900092040005200111042001200163050002200175082002100197100003100218245013600249260006100385300008000446490004900526500005400575500024100629500026400870501014601134504003001280650003501310650004001345650003901385700003701424700003801461710002901499gs 43000023 DLC20260227111348.0780227s1942 ksuab 000 0 eng c ags 43000023  a(OCoLC)3674037 aU. S. Geol. survey. Library.cTxEUdOCoLCdDLC apremarc00aQE113b.A2 no. 45 a(557.81)a557.811 aFrye, John Chapman,d1912-10aGeology and ground-water resources of Meade County, Kansas /cby John C. Frye ; with analyses by Robert H. Hess and Elza O. Holmes. aTopeka :bPrinted by Kansas State printing plant,c1942. a152 p. :bincl. illus., tables, diagrs., maps (3 fold. in pocket) ;c23 cm.0 aKansas. State geological survey. Bulletin 45 aUniversity of Kansas publications, December 1942. aAt head of title: State geological survey of Kansas, Raymond C. Moore ...state geologist and director, John C. Frye ...assistant state geologist and assistant director. Division of ground water, Stanley W. Lohman, geologist in charge. a"Prepared by the United States Geological survey and the State geological survey of Kansas, with the cooperation of the Division of sanitation of the Kansas State board of health, and the Division of waterr resources of the Kansas State board of agriculture." aWith : Geology and ground-water resources of Ford County, Kansas / by Herbert A. Waite, 1942. Bound together subsequent to publication.5DLC a"References": p. 112-115. 0aGeologyzKansaszMeade County. 0aWater-supplyzKansaszMeade County. 0aGroundwaterzKansaszMeade County.12aHess, Robert Harlan,d1910- .12aHolmes, Elza Orville,d1910- .2 aGeological Survey (U.S.)